000 00864nam a2200253 a 4500
001 BRCA_4865
005 20190320204833.0
008 141010c1977----it-ao#####---#000-0#eng-#
041 _aeng
044 _ait
050 4 _aPG7297
_b.C36 1977
245 1 0 _aCampania
_cby Alfonso de Franciscis ... [et al.] ; texts translated by Rudolf G. Carpanini ... [et al.].
260 _aItalia
_bElecta
_c1977
300 _a535 p.
_bil. (algunas a color) , 524 láminas
_c31 cm.
440 0 _aBanca Nacionale del Laboro
_912309
500 _aColección Sonia Corcuera de Mancera
500 _aIncluye índice de ilustraciones
504 _aBibliografía : p. 521-526
651 4 _aCampania
_vCatálogos
_xarte e historia
_zItalia
_912310
700 1 _aCarpanini, Rudolf G.
_eTraductor
_912311
700 1 _aFranciscis, Alfonso de
_912312
902 _aDSC
942 _2lcc
_cB
999 _c4559
_d4559